| 000 | 00550nam a22001697a 4500 | ||
|---|---|---|---|
| 005 | 20251030101409.0 | ||
| 008 | 251030b |||||||| |||| 00| 0 eng d | ||
| 020 | _a0673399206 | ||
| 020 | _a9780673399205 | ||
| 050 |
_aRT84.5 _b.B37 |
||
| 100 | _aBarnum, Barbara J. Stevens | ||
| 245 |
_aNursing Theory _banalysis, application, evaluation _cBarbara J. Stevens Barnum |
||
| 250 | _a3rd ed. | ||
| 260 |
_aGlenview, Illinois _aLondon/England _bScott, Foresman/Little, Brown Higher Education _c1990 |
||
| 300 |
_a339p. _c23cm |
||
| 942 |
_2lcc _cBK _e3rd ed. _n0 |
||
| 999 |
_c7930 _d7930 |
||